01581nam a2200265 a 4500001001000000005001700010008004100027041000800068044000700076084002000083100004500103245009400148260005300242300001700295440004600312500035700358500029100715500006301006500000901069650005201078650005601130650003401186650004501220740005001265BRCA_245920190320203823.0191108s1829----sp-#---###---#000-0#spa-u aspa asp a099b.P57c18291 aCervantes Saavedra, Miguel ded1547-161610aEl Ingenioso Hidalgo D. Quijote de la Manchaccompuesto por Miguel de Cervantes Saavedra. aMadridbHijos de Doña Catalina Piñuelac1829 a4 v.c15 cm. 0aObras escogidas de Miguel de Cervantesn1 aContenido : v 1. Primera parte. Preámbulo del editor. Documentos de la edición príncipe. Dedicatoria del autor. Prólogo del autor. Versos preliminares. Variantes. Texto. -- v 2. Variantes. Texto. -- v 3. Segunda parte. Documentos de la edición príncipe. Dedicatoria del autor. Prólogo del autor. Variantes. Texto. -- v 4. Variantes. Texto aEsta edición, impresa con tipos pequeños pero claros, sigue a la segunda de la Academia, de 1782. Las láminas, faltas de originalidad y de escaso valor artístico, van firmadas algunas por J. A. y J. C., dibujante y grabador respectivamente. Edición de surtido Lúdovik Osterc aEstado físico : Faltan las portadas de los 4 volúmenes aQM8214aNovela españolayÉpoca clásica, 1500-170014aLiteratura españolayÉpoca clásica, 1500-170014aNovela españolaySiglo XVII14aDon Quijote (Personaje ficticio)eNovela0 aEl Ingenioso Hidalgo Don Quijote de la Mancha